000 00701nam a2200289Ia 4500
005 20260324135822.0
008 008 260324s9999 xx 000 0 eng d
020 _a9780429459436
037 _aEBOOK
040 _aCRL
040 _beng
040 _cCRL
041 _2eng
041 _aeng
084 _qCRL
100 _aJane Benton
_91202035
245 0 _aAgrarian Reform in Theory and Practice
245 2 _bA Study of the Lake Titicaca Region of Bolivia
260 _bTaylor and Francis
260 _c1999
365 _a
365 _b120
856 _uhttp://www.taylorfrancis.com/books/9780429459436
942 _cEBOOK
999 _c1803498
_d1803498